[Event "Elite Hotels Open 2015"]
[Site "Elite Stadshotellet, Vaxjo"]
[Date "2015.02.13"]
[Round "2.1"]
[White "Meier, Georg"]
[Black "Fransson, Patrick"]
[Result "1-0"]
[WhiteElo "2641"]
[BlackElo "2130"]

1.e4 e6 2.d4 d5 3.Nc3 Bb4 4.exd5 exd5 5.Bd3 Ne7 6.Qh5 Nbc6 7.Ne2 Be6 8.O-O
Qd7 9.h3 O-O-O 10.Bf4 f6 11.Nb5 Ba5 12.c3 a6 13.Na3 g5 14.Bh2 Bf5 15.Rad1 
Bxd3 16.Rxd3 Ng6 17.Nc2 Nce7 18.Ne3 h6 19.f4 Rde8 20.Ng4 Qb5 21.Re3 Qc6 
22.f5 Nh4 23.Re6 Qb5 24.Nxf6 Ref8 25.b4 Bb6 26.g3 Nhxf5 27.Rxf5 Nxf5 28.
Qg4 Qd3 29.Kg2 Kb8 30.Bg1 c6 31.Nd7+ Ka7 32.Nxf8 Rxf8 33.Bf2 Bc7 34.a4 Nd6
35.Re3 Qc2 36.Rf3 Re8 37.Ng1 Re7 38.a5 Ne4 39.Qf5 Qd2 40.Qf8 Rd7 41.Qc8 
Bxg3 42.Rf8 Qxf2+ 43.Rxf2 Bxf2 44.Qxd7 Be1 45.Ne2 Nxc3 46.Nxc3 Bxc3 47.Qg7
Bxb4 48.Qxh6 Bxa5 49.Qxg5 Bb6 50.Qd2 a5 51.h4 a4 52.h5 1-0

[Event "Elite Hotels Open 2015"]
[Site "Elite Stadshotellet, Vaxjo"]
[Date "2015.02.13"]
[Round "2.2"]
[White "Sigeman, Johan"]
[Black "Solodovnichenko, Yuri"]
[Result "0-1"]
[WhiteElo "2128"]
[BlackElo "2577"]

1.c4 e5 2.Nc3 d6 3.d4 exd4 4.Qxd4 Nc6 5.Qd2 Nf6 6.Nf3 g6 7.b3 Bg7 8.Bb2 
O-O 9.e3 Bf5 10.Be2 Ne4 11.Nxe4 Bxe4 12.Bxg7 Kxg7 13.Qc3+ Qf6 14.Qxf6+ 
Kxf6 15.O-O Rfe8 16.Rfd1 a5 17.Nd4 Nxd4 18.Rxd4 a4 19.b4 a3 20.Bd1 b6 21.
Rxe4 Rxe4 22.Bf3 Kf5 23.Rd1 Ra4 24.Bxe4+ Kxe4 25.Rd4+ Kf5 26.g4+ Kg5 27.b5
Rb4 28.Rd3 Kxg4 29.Kg2 Rxc4 30.Rxa3 Kf5 31.Kf3 Ke6 32.Ra8 h5 33.a4 Rb4 34.
Ra7 Kd7 35.Ra8 d5 36.Rf8 Ke7 37.Ra8 d4 38.exd4 Rxd4 39.a5 bxa5 40.Rxa5 Rb4
41.Ra7 Kd7 42.Ra5 f6 43.h3 g5 44.Ra6 Rxb5 45.Rxf6 Re5 46.Rh6 h4 47.Kg4 c5 
48.f4 gxf4 49.Kxf4 Rd5 50.Ke4 Rd4+ 51.Ke5 Kc7 52.Rg6 Rd3 53.Rg4 Rxh3 54.
Kd5 Kb6 55.Kc4 Rh1 56.Rg6+ Kb7 57.Kxc5 h3 58.Kd4 h2 59.Rg7+ Kc6 0-1

[Event "Elite Hotels Open 2015"]
[Site "Elite Stadshotellet, Vaxjo"]
[Date "2015.02.13"]
[Round "2.3"]
[White "Hillarp Persson, Tiger"]
[Black "Lindborg, Patrik"]
[Result "1-0"]
[WhiteElo "2552"]
[BlackElo "2127"]

1.d4 Nf6 2.c4 g6 3.Nc3 Bg7 4.e4 d6 5.Nge2 O-O 6.Ng3 e5 7.d5 a5 8.Be2 Na6 
9.h4 h5 10.Bg5 Qd7 11.Qd2 Kh7 12.O-O-O Ng4 13.Bxg4 Qxg4 14.Rh3 a4 15.Nxa4 
b5 16.cxb5 Qd7 17.Nc3 Nc5 18.Qc2 Qe8 19.Rhh1 Bd7 20.b4 Nxe4 21.Ngxe4 f5 
22.a4 fxe4 23.Be3 Bh6 24.Kb2 Bg4 25.Rd2 Qb8 26.Re1 Qd8 27.Nxe4 Bxe3 28.
Rxe3 Bf5 29.Ng5+ Kg8 30.Qd1 e4 31.Kb3 Qf6 32.Qc1 Ra7 33.Qc3 Qxc3+ 34.Rxc3 
Rfa8 35.a5 Rb8 36.Ka4 Bd7 37.Nxe4 Kg7 38.Rc6 Bxc6 39.dxc6 Re8 40.Nc3 Re1 
41.Nd5 Rc1 42.Re2 Kf8 43.Re7 Rd1 44.Rxc7 Ra8 45.Nc3 Rd3 46.Kb3 Re8 47.b6 
Re1 48.b7 1-0

[Event "Elite Hotels Open 2015"]
[Site "Elite Stadshotellet, Vaxjo"]
[Date "2015.02.13"]
[Round "2.4"]
[White "Ottenklev, Niklas"]
[Black "Berg, Emanuel"]
[Result "0-1"]
[WhiteElo "2115"]
[BlackElo "2543"]

1.e4 e6 2.Qe2 c5 3.g3 Nc6 4.c3 g6 5.Bg2 Bg7 6.f4 Nge7 7.Nf3 d6 8.O-O O-O 
9.Na3 b6 10.Nc2 a5 11.Rd1 Ba6 12.d3 Qd7 13.Rb1 Rad8 14.Qf2 f5 15.Ne3 Bxd3 
16.Rxd3 fxe4 17.Rd1 exf3 18.Qxf3 d5 19.Bh3 Nf5 20.Nxf5 gxf5 21.Bg2 Ne7 22.
Re1 Nc8 23.Qe2 Rfe8 24.c4 dxc4 25.Qxc4 Qd4+ 26.Qxd4 Bxd4+ 27.Be3 Bxe3+ 28.
Rxe3 Rd2 29.Rb3 Red8 30.Re1 Rd1 31.Kf1 Rxe1+ 32.Kxe1 Rd6 33.a4 Kf7 34.Ke2 
Ke7 35.Bf3 Kd8 36.Rd3 Rxd3 37.Kxd3 Nd6 38.h3 Ke7 39.g4 fxg4 40.hxg4 h6 41.
b3 Kf6 42.Ke3 e5 43.Bd5 Ne8 44.Ke4 exf4 45.Kxf4 Nc7 46.Bc4 Ne8 47.Bd5 Nd6 
48.Bc6 Nc8 49.Bd5 Ne7 50.Bc4 Nc6 51.Be2 Ne5 52.Bb5 Ke6 53.g5 hxg5+ 54.Kxg5
Kd5 55.Kf5 Nf3 56.Bc4+ Kd4 57.Ke6 Nd2 58.Bd5 Kc3 59.Kd6 Nxb3 60.Kc6 Kb4 
61.Kxb6 Kxa4 62.Bc4 Kb4 0-1

[Event "Elite Hotels Open 2015"]
[Site "Elite Stadshotellet, Vaxjo"]
[Date "2015.02.13"]
[Round "2.5"]
[White "Blomqvist, Erik"]
[Black "Gutzmann, Tobias"]
[Result "1-0"]
[WhiteElo "2521"]
[BlackElo "2101"]

1.e4 e6 2.d4 d5 3.Nc3 Nf6 4.Bg5 Bb4 5.e5 h6 6.Bc1 Ne4 7.Qg4 g6 8.Ne2 Nxc3 
9.bxc3 Be7 10.h4 h5 11.Qg3 c5 12.Bg5 Nc6 13.dxc5 Bxg5 14.hxg5 Qa5 15.Qe3 
d4 16.Nxd4 Qxc5 17.Nxc6 Qxe3+ 18.fxe3 bxc6 19.Rb1 Kd7 20.Rh4 Kc7 21.Bd3 
Bb7 22.Ke2 Rad8 23.Rhb4 Rb8 24.Rf1 Rh7 25.Rbf4 Rf8 26.Bxg6 fxg6 27.Rxf8 
Ba6+ 28.Kf2 Bxf1 29.Kxf1 Kb6 30.Rf6 Kc5 31.e4 Kc4 32.Ke2 Kxc3 33.Ke3 c5 
34.Rxe6 c4 35.Rc6 Rf7 36.e6 Re7 37.Kf4 a5 38.Ke5 a4 39.Kf6 1-0

[Event "Elite Hotels Open 2015"]
[Site "Elite Stadshotellet, Vaxjo"]
[Date "2015.02.13"]
[Round "2.6"]
[White "Andersson, Paul"]
[Black "Smith, Axel"]
[Result "0-1"]
[WhiteElo "2099"]
[BlackElo "2488"]

1.c4 e5 2.Nc3 Bb4 3.g3 Bxc3 4.bxc3 d6 5.Bg2 Nc6 6.Rb1 f5 7.d3 Nf6 8.Nf3 
O-O 9.O-O Qe8 10.Ne1 f4 11.e3 fxe3 12.fxe3 e4 13.Rxf6 Rxf6 14.Bxe4 Bf5 15.
Bd5+ Be6 16.Rxb7 Bxd5 17.cxd5 Ne7 18.e4 Qf7 19.Ng2 Rf8 20.Nf4 Ng6 21.Rb2 
Ne5 22.d4 Nc4 23.Re2 g5 24.Qd3 gxf4 25.Qxc4 fxg3 26.hxg3 Rf1+ 27.Kh2 Qh5+ 
0-1

[Event "Elite Hotels Open 2015"]
[Site "Elite Stadshotellet, Vaxjo"]
[Date "2015.02.13"]
[Round "2.7"]
[White "Semcesen, Daniel"]
[Black "Gillefalk, Bjorn"]
[Result "1-0"]
[WhiteElo "2466"]
[BlackElo "2090"]

1.d4 Nf6 2.c4 e6 3.Nc3 Bb4 4.a3 Bxc3+ 5.bxc3 c5 6.e3 b6 7.Bd3 O-O 8.Ne2 
Nc6 9.e4 Ne8 10.O-O Ba6 11.dxc5 bxc5 12.f4 f5 13.Ng3 Nd6 14.exf5 Nxf5 15.
Ne4 d6 16.g4 Nh4 17.Ng5 Qf6 18.Qe1 Ng6 19.Qxe6+ Kh8 20.Qxf6 Rxf6 21.Ne4 
Rff8 22.Be3 Rad8 23.Nd2 Rde8 24.Rae1 Kg8 25.h3 Nxf4 26.Be4 Nxh3+ 27.Kh2 
Rxf1 28.Rxf1 1-0

[Event "Elite Hotels Open 2015"]
[Site "Elite Stadshotellet, Vaxjo"]
[Date "2015.02.13"]
[Round "2.8"]
[White "Horbing, Stefan"]
[Black "Brynell, Stellan"]
[Result "1-0"]
[WhiteElo "2080"]
[BlackElo "2452"]

1.Nf3 Nf6 2.d4 e6 3.c4 Bb4+ 4.Nbd2 O-O 5.e3 d5 6.a3 Be7 7.Bd3 b6 8.O-O Bb7
9.b3 c5 10.dxc5 bxc5 11.Bb2 Nbd7 12.Qe2 a5 13.a4 Qb6 14.Rab1 Rfd8 15.Rfd1 
Rab8 16.Ne5 Nxe5 17.Bxe5 Rbc8 18.cxd5 exd5 19.Bf5 Ra8 20.h4 Bc8 21.Qf3 
Bxf5 22.Qxf5 Qe6 23.Qxe6 fxe6 24.g3 Rd7 25.f3 Rb7 26.Rbc1 Kf7 27.g4 Ra6 
28.h5 Nd7 29.Bc3 Bf6 30.Bxf6 gxf6 31.f4 Rb4 32.Kf2 Rab6 33.Ke2 Ke7 34.Rg1 
h6 35.g5 fxg5 36.fxg5 hxg5 37.Rxg5 Rh4 38.Rf1 Rh2+ 39.Rf2 Rh1 40.Rg7+ Kd6 
41.Rh7 Ne5 42.Rg2 Rb4 43.Ra7 Rg4 44.Rxg4 Nxg4 45.Rxa5 Rh2+ 46.Kd3 Rh3 47.
Ra6+ Ke5 48.Nf1 Rxh5 49.Rc6 Rf5 50.Nd2 Nf2+ 51.Ke2 Ne4 52.Nxe4 Kxe4 53.
Rxe6+ Re5 54.Rxe5+ Kxe5 55.Kd3 Kd6 56.Kc3 Kc6 57.b4 1-0

[Event "Elite Hotels Open 2015"]
[Site "Elite Stadshotellet, Vaxjo"]
[Date "2015.02.13"]
[Round "2.10"]
[White "Mattsson, Michael"]
[Black "Westerberg, Jonathan"]
[Result "0-1"]
[WhiteElo "2076"]
[BlackElo "2430"]

1.e4 c5 2.Nf3 Nc6 3.Bb5 d6 4.d4 cxd4 5.Qxd4 Bd7 6.Bxc6 Bxc6 7.Nc3 Nf6 8.
Bg5 e6 9.O-O-O Be7 10.Qd3 Qa5 11.h4 O-O 12.Nd4 Rfe8 13.f4 Rac8 14.f5 Bd7 
15.Bxf6 Bxf6 16.Nb3 Qb6 17.Qxd6 Bc6 18.Rh3 exf5 19.Nd5 Bxd5 20.Qxb6 Rxc2+ 
21.Kxc2 Bxe4+ 22.Kc1 axb6 23.Rd2 Be5 24.Kd1 Bf4 25.Re2 Rd8+ 26.Nd2 h5 27.
Rb3 Bd3 28.Rf2 Be3 29.Rf3 f4 30.g3 Bc4 31.Rbxe3 fxe3 32.Rxe3 Bxa2 33.b3 
Bb1 34.Ke2 Bf5 35.Re7 Rb8 36.Nc4 Be6 37.Kd3 b5 38.Na5 Rd8+ 39.Kc3 b6 40.
Nb7 Rd5 41.Re8+ Kh7 42.Nd8 Rc5+ 43.Kb4 Rc8 44.Rf8 Bd5 45.Kxb5 Bxb3 46.Kxb6
Rc3 47.Nxf7 Bxf7 48.Rxf7 Rxg3 49.Rf1 Rg4 50.Rh1 Rc4 51.Kb5 Rc2 52.Kb4 Kh6 
53.Kb3 Rc6 54.Rg1 g6 55.Rg2 Kg7 56.Rf2 Rc1 57.Kb2 Rc4 58.Rh2 Kf6 59.Kb3 
Rc6 60.Rf2+ Ke5 61.Rf1 Ke4 62.Kb4 Rc2 63.Rg1 Kf5 64.Rg5+ Kf6 65.Rg1 Rh2 
66.Rf1+ Ke5 67.Re1+ Kf5 68.Rf1+ Kg4 69.Rg1+ Kxh4 70.Rxg6 Rc2 71.Kb3 Rc8 
72.Rg1 Kh3 73.Kb2 h4 74.Rg7 Kh2 75.Rg6 h3 76.Rg7 Kh1 77.Rg3 h2 78.Rg7 Rf8 
79.Kc2 Rf1 80.Kd2 Rg1 81.Rh7 Kg2 82.Rg7+ Kf3 0-1

[Event "Elite Hotels Open 2015"]
[Site "Elite Stadshotellet, Vaxjo"]
[Date "2015.02.13"]
[Round "2.12"]
[White "Sjodahl, Sten"]
[Black "Johansson, Linus"]
[Result "0-1"]
[WhiteElo "2051"]
[BlackElo "2394"]

1.e4 e6 2.d4 d5 3.exd5 exd5 4.c4 Nf6 5.Nc3 dxc4 6.Bxc4 Bd6 7.Nf3 O-O 8.O-O
h6 9.Re1 Nc6 10.h3 Bf5 11.a3 Re8 12.Be3 Qd7 13.b4 a6 14.Qb3 b5 15.Bd5 Nxd5
16.Qxd5 Ne7 17.Qb3 Ng6 18.d5 Bxh3 19.gxh3 Qxh3 20.Bc5 Qxf3 21.Rxe8+ Rxe8 
22.Bxd6 Nh4 0-1

[Event "Elite Hotels Open 2015"]
[Site "Elite Stadshotellet, Vaxjo"]
[Date "2015.02.13"]
[Round "2.13"]
[White "Schneider, Stefan"]
[Black "Berglind, Axel"]
[Result "1-0"]
[WhiteElo "2387"]
[BlackElo "2047"]

1.d4 d5 2.c4 c6 3.Nf3 Nf6 4.e3 e6 5.Bd3 Nbd7 6.O-O dxc4 7.Bxc4 b5 8.Bd3 a6
9.a4 Bb7 10.Nbd2 Qb6 11.Qe2 Be7 12.e4 e5 13.Nxe5 Qxd4 14.Ndf3 Qd6 15.Nxf7 
Kxf7 16.e5 Qd5 17.e6+ Kf8 18.exd7 Qxd7 19.Rd1 Nd5 20.Ne5 Qc7 21.Qh5 Bf6 
22.Ng6+ hxg6 23.Qxh8+ Kf7 24.Qh7 Ne7 25.Bc2 Rd8 26.Rxd8 Qxd8 27.Bb3+ Nd5 
28.axb5 axb5 29.Qh3 Qc7 30.Ra7 Ke7 31.Bxd5 cxd5 32.Qe3+ Kf7 33.Qf4 Qb6 34.
Be3 Qc6 35.Qb8 1-0

[Event "Elite Hotels Open 2015"]
[Site "Elite Stadshotellet, Vaxjo"]
[Date "2015.02.13"]
[Round "2.14"]
[White "Kalinin, Oleksandr"]
[Black "Lindberg, Bengt"]
[Result "1/2-1/2"]
[WhiteElo "2050"]
[BlackElo "2385"]

1.e4 c5 2.Nc3 g6 3.f4 Bg7 4.Nf3 Nc6 5.Bb5 Nd4 6.O-O b6 7.e5 Nh6 8.Nxd4 
cxd4 9.Ne4 Bb7 10.Qe2 O-O 11.Bd3 Qc7 12.b3 f5 13.exf6 exf6 14.Re1 Rfe8 15.
Qf1 f5 16.Ng5 Rxe1 17.Qxe1 Qxf4 18.Bc4+ Kh8 19.d3 Qd6 20.Qh4 b5 21.Qxh6 
Bxh6 22.Nf7+ Kg7 23.Nxd6 bxc4 24.Bxh6+ Kxh6 25.Nxb7 cxd3 26.cxd3 Rc8 27.
Rf1 Rc3 28.Rf3 Rc1+ 29.Rf1 Rc3 30.Rf3 Rc1+ 1/2-1/2

[Event "Elite Hotels Open 2015"]
[Site "Elite Stadshotellet, Vaxjo"]
[Date "2015.02.13"]
[Round "2.15"]
[White "Hedman, Erik"]
[Black "Bernhardsson, Sten"]
[Result "1-0"]
[WhiteElo "2376"]
[BlackElo "2035"]

1.d4 d5 2.c4 e6 3.Nf3 Nf6 4.g3 Be7 5.Bg2 O-O 6.O-O dxc4 7.Qc2 a6 8.Qxc4 b5
9.Qc2 Bb7 10.Bd2 Be4 11.Qc1 Bb7 12.Bf4 Nd5 13.Nc3 Nxf4 14.Qxf4 c5 15.Rfd1 
Qb6 16.Rac1 cxd4 17.Nxd4 Bxg2 18.Kxg2 Nc6 19.Nxc6 Qxc6+ 20.Nd5 Qd6 21.Nf6+
1-0

[Event "Elite Hotels Open 2015"]
[Site "Elite Stadshotellet, Vaxjo"]
[Date "2015.02.13"]
[Round "2.16"]
[White "Hansson, Fredrik"]
[Black "Kockum, Anton Frisk"]
[Result "1/2-1/2"]
[WhiteElo "2029"]
[BlackElo "2375"]

1.e4 c5 2.c3 d5 3.exd5 Qxd5 4.d4 g6 5.Nf3 Bg7 6.Be2 Nf6 7.O-O cxd4 8.cxd4 
O-O 9.Nc3 Qa5 10.Qb3 Nc6 11.Rd1 Qb4 12.d5 Qxb3 13.axb3 Nb4 14.Be3 Nc2 15.
Rxa7 Nxe3 16.Rxa8 Nxd1 17.Bxd1 Nd7 18.Be2 Nb6 19.Ra5 Rd8 20.Bc4 e6 21.Kf1 
exd5 22.Nxd5 Nxd5 23.Rxd5 Rxd5 24.Bxd5 h6 25.Nd2 b5 26.Ne4 Be5 27.g3 b4 
28.Ke2 Kf8 29.f4 Bxb2 30.Nd6 Ba6+ 31.Kf3 f6 32.Bc4 Bxc4 33.Nxc4 Bd4 34.Ke4
Bg1 35.h3 f5+ 36.Ke5 Ke7 37.g4 fxg4 38.hxg4 Bh2 39.Ke4 Ke6 40.Ne3 Bg1 41.
f5+ gxf5+ 42.gxf5+ Kf7 43.Nd5 Bc5 44.Kf4 Bd6+ 45.Kg4 Bc5 46.Kh5 Bf8 47.
Nxb4 1/2-1/2

[Event "Elite Hotels Open 2015"]
[Site "Elite Stadshotellet, Vaxjo"]
[Date "2015.02.13"]
[Round "2.17"]
[White "Ernst, Thomas"]
[Black "Nilsson, Mikael"]
[Result "1-0"]
[WhiteElo "2369"]
[BlackElo "2026"]

1.e4 d6 2.d4 Nf6 3.Nc3 e5 4.Nf3 Nbd7 5.Bc4 Be7 6.O-O c6 7.a4 O-O 8.Re1 Qc7
9.h3 h6 10.dxe5 dxe5 11.Nh4 Nb6 12.Bb3 Rd8 13.Qf3 Be6 14.Nf5 Bxf5 15.Qxf5 
Nbd7 16.Qg6 Nd5 17.exd5 1-0

[Event "Elite Hotels Open 2015"]
[Site "Elite Stadshotellet, Vaxjo"]
[Date "2015.02.13"]
[Round "2.18"]
[White "Neretljak, Nedzad"]
[Black "Bellon Lopez, Juan Manuel"]
[Result "0-1"]
[WhiteElo "2029"]
[BlackElo "2368"]

1.e4 c5 2.Nf3 e6 3.d4 cxd4 4.c3 Nf6 5.e5 Nd5 6.Bd3 d6 7.O-O Nd7 8.cxd4 Nb4
9.Nc3 Nxd3 10.Qxd3 d5 11.Nxd5 exd5 12.Ng5 Be7 13.Nxh7 Nf8 14.Nxf8 Kxf8 15.
f4 g6 16.f5 Bxf5 17.Rxf5 gxf5 18.Qxf5 Qc8 19.Qf3 Qe6 20.Bd2 Rc8 21.Rf1 Ke8
22.Qg3 Qg6 23.Qb3 Qc6 24.Qf3 Qe6 25.Qb3 b6 26.Qb5+ Qc6 27.Qd3 Qd7 28.e6 
fxe6 29.Qg6+ Kd8 30.Bf4 Bd6 31.Be5 Bxe5 32.dxe5 Re8 33.h3 Kc7 0-1

[Event "Elite Hotels Open 2015"]
[Site "Elite Stadshotellet, Vaxjo"]
[Date "2015.02.13"]
[Round "2.19"]
[White "Bakr, Jwan"]
[Black "Peterson, Curt"]
[Result "1-0"]
[WhiteElo "2343"]
[BlackElo "2017"]

1.e4 e6 2.Nc3 d5 3.Nf3 c5 4.Bb5+ Nc6 5.O-O a6 6.Bxc6+ bxc6 7.d3 Ne7 8.b3 
Ng6 9.Ba3 Bd6 10.Na4 Qe7 11.Re1 e5 12.exd5 cxd5 13.Nb6 Bb7 14.Nxa8 Bxa8 
15.d4 cxd4 16.Bxd6 Qxd6 17.Nxe5 O-O 18.Qxd4 Re8 19.Nxg6 Rxe1+ 20.Rxe1 hxg6
21.Re8+ 1-0

[Event "Elite Hotels Open 2015"]
[Site "Elite Stadshotellet, Vaxjo"]
[Date "2015.02.13"]
[Round "2.20"]
[White "Jakenberg, Jussi"]
[Black "Livner, Anders"]
[Result "0-1"]
[WhiteElo "2019"]
[BlackElo "2343"]

1.e4 c6 2.d4 d5 3.Nd2 dxe4 4.Nxe4 Bf5 5.Ng3 Bg6 6.Nh3 e6 7.Nf4 Bd6 8.Nxg6 
hxg6 9.Ne4 Be7 10.c3 Nd7 11.Bf4 Nb6 12.Qf3 Nf6 13.Ng5 Nbd5 14.Bd2 Qb6 15.
O-O-O c5 16.dxc5 Bxc5 17.Bd3 Rf8 18.Bxg6 fxg6 19.Nxe6 Rf7 20.Rhe1 Re7 21.
Nxc5 Qxc5 22.Rxe7+ Kxe7 23.Be3 Qc6 24.Bd4 Rd8 25.Kb1 Kf7 26.g4 Kg8 27.g5 
Ne4 28.Ka1 Nxg5 29.Qg2 Ne6 30.Be5 g5 31.h4 gxh4 32.Rg1 Rd7 33.Qg6 Re7 34.
f4 Nexf4 35.Qg5 Nh3 0-1

[Event "Elite Hotels Open 2015"]
[Site "Elite Stadshotellet, Vaxjo"]
[Date "2015.02.13"]
[Round "2.21"]
[White "Lindgren, Philip"]
[Black "Rishovd, Svein"]
[Result "1-0"]
[WhiteElo "2340"]
[BlackElo "2010"]

1.d4 Nf6 2.c4 e6 3.g3 c5 4.d5 exd5 5.cxd5 d6 6.Nc3 g6 7.Bg2 Bg7 8.Nf3 O-O 
9.O-O a6 10.a4 Nbd7 11.Bf4 Qe7 12.Re1 Nh5 13.Bg5 f6 14.Bd2 f5 15.Bg5 Qf7 
16.Qd2 Ndf6 17.Bh6 Bxh6 18.Qxh6 Qg7 19.Qd2 h6 20.a5 Bd7 21.e3 Ne4 22.Qc2 
Nhf6 23.Nd2 Nxd2 24.Qxd2 Rab8 25.b4 cxb4 26.Ne2 b5 27.Qxb4 Qe7 28.Nd4 Rbc8
29.Rac1 Kh7 30.Nc6 Bxc6 31.Rxc6 Rxc6 32.dxc6 Qe5 33.Rd1 Ne4 34.Bxe4 fxe4 
35.Qxd6 Qf5 36.Qxf8 Qxf8 37.Rd7+ Kg8 38.c7 Qc5 39.Rd8+ Kf7 40.c8=Q 1-0

[Event "Elite Hotels Open 2015"]
[Site "Elite Stadshotellet, Vaxjo"]
[Date "2015.02.13"]
[Round "2.22"]
[White "Svensson, Hakan"]
[Black "Ziegler, Ari"]
[Result "0-1"]
[WhiteElo "2011"]
[BlackElo "2327"]

1.e4 c5 2.Nf3 e6 3.d4 cxd4 4.c3 dxc3 5.Nxc3 a6 6.Bc4 Qc7 7.Qe2 Bc5 8.O-O 
Ne7 9.Bb3 O-O 10.Bg5 Ng6 11.Rac1 d6 12.e5 d5 13.Na4 b6 14.Be3 Nd7 15.Bd4 
a5 16.Rfe1 Ba6 17.Qd2 Rfc8 18.h4 Qd8 19.h5 Nh4 20.Nxh4 Qxh4 21.Bxc5 bxc5 
22.Qxa5 Bd3 23.Qc3 c4 24.Bd1 Qg5 25.b3 h6 26.Bf3 cxb3 27.Qxc8+ Rxc8 28.
Rxc8+ Kh7 29.axb3 Nxe5 30.Re3 Nxf3+ 31.Rxf3 Be4 32.Rg3 Qxh5 33.Nc5 Bf5 34.
b4 Qd1+ 35.Kh2 Qe1 36.Rc7 Bg6 37.Nd7 Qxb4 38.Rc8 f5 39.Nf8+ Kg8 40.Nxg6+ 
Kf7 41.Ne5+ Kf6 42.Nf3 g5 43.Rc7 d4 44.Rd7 e5 45.Rh3 Kg6 46.Nxe5+ Kf6 47.
Nf3 Ke6 48.Rd8 Ke7 49.Rxd4 Qb8+ 50.g3 g4 51.Rxh6 gxf3 52.Rh7+ Ke6 53.Rdh4 
Qb2 54.Rf4 Qxf2+ 55.Kh3 Qg2+ 56.Kh4 Qh2+ 0-1

[Event "Elite Hotels Open 2015"]
[Site "Elite Stadshotellet, Vaxjo"]
[Date "2015.02.13"]
[Round "2.23"]
[White "Rydstrom, Tom"]
[Black "Olsson, Lars F"]
[Result "1-0"]
[WhiteElo "2314"]
[BlackElo "2002"]

1.d4 d5 2.Nf3 c6 3.g3 Nf6 4.Bg2 Bg4 5.Ne5 h5 6.c4 dxc4 7.Na3 Nbd7 8.Naxc4 
e6 9.h3 Bf5 10.O-O Qc7 11.Bf4 Nxe5 12.Nxe5 Bd6 13.Re1 Nd5 14.e4 Nxf4 15.
gxf4 Bxe5 16.dxe5 Bg6 17.Qf3 O-O-O 18.b4 Rd4 19.Rab1 Rhd8 20.Rb3 Rd2 21.f5
Bh7 22.Qxh5 Bg8 23.b5 Qxe5 24.bxc6 b6 25.c7 Qxc7 26.Qf3 Qe5 27.Rc3+ Kb7 
28.Rec1 R8d7 29.fxe6 fxe6 30.Qf8 Rd1+ 31.Bf1 Qg5+ 32.Kh1 Rxf1+ 33.Rxf1 Rd8
34.Qf3 Qe5 35.Rfc1 Bh7 36.Qf7+ Ka6 37.Ra3+ Kb5 38.Rb1+ Kc6 39.Rc1+ Kb5 40.
Rb1+ Kc6 41.f3 Rd2 42.Qe8+ Kc5 43.Qc8+ 1-0

[Event "Elite Hotels Open 2015"]
[Site "Elite Stadshotellet, Vaxjo"]
[Date "2015.02.13"]
[Round "2.24"]
[White "Eriksson, Lennarth"]
[Black "Vaarala, Eric"]
[Result "0-1"]
[WhiteElo "2009"]
[BlackElo "2304"]

1.c4 e5 2.Nc3 Nc6 3.g3 g6 4.Bg2 Bg7 5.Nf3 Nge7 6.d3 d6 7.O-O O-O 8.a3 a5 
9.Bd2 h6 10.Rb1 f5 11.b4 axb4 12.axb4 Nd4 13.Ne1 c6 14.e3 Ne6 15.Ra1 Rxa1 
16.Qxa1 Kh7 17.Qa7 d5 18.c5 d4 19.Na4 dxe3 20.fxe3 e4 21.Nb6 exd3 22.Qa2 
Ng5 23.Nxc8 Nxc8 24.Qc4 Qd7 25.h4 Nf7 26.h5 Ne5 27.hxg6+ Kxg6 28.Qf4 Ne7 
29.e4 Kh7 30.exf5 Nd5 31.Qe4 Bf6 32.Nxd3 Nxb4 33.Qxb4 Nxd3 34.Qe4 Nxc5 35.
Qe2 Qd3 36.Qh5 Qxd2 37.Qg6+ Kh8 38.Rf4 Qd7 39.Qxh6+ Kg8 40.Rg4+ Bg7 41.Qg5
Rxf5 42.Qg6 Rf6 43.Qg5 Qd1+ 44.Kh2 Rh6+ 45.Bh3 Rxh3+ 0-1

[Event "Elite Hotels Open 2015"]
[Site "Elite Stadshotellet, Vaxjo"]
[Date "2015.02.13"]
[Round "2.25"]
[White "Andersson, Sven-Olof"]
[Black "Dragicevic, Drazen"]
[Result "0-1"]
[WhiteElo "1999"]
[BlackElo "2248"]

1.d4 Nf6 2.Nf3 g6 3.g3 b6 4.Bg2 Bb7 5.O-O Bg7 6.c4 O-O 7.Nc3 e6 8.b3 c5 9.
e3 d5 10.cxd5 Nxd5 11.Nxd5 Bxd5 12.Bb2 Nc6 13.Ne5 Bxg2 14.Kxg2 Qd5+ 15.Qf3
Qxf3+ 16.Kxf3 Nxe5+ 17.dxe5 Rfd8 18.Rfd1 Kf8 19.Ke4 Ke7 20.f4 Rac8 21.Rd6 
Ke8 22.Rad1 Bf8 23.Rxd8+ Rxd8 24.Rxd8+ Kxd8 25.g4 Kd7 26.Bc3 Kc6 27.Be1 a6
28.Kd3 Kd5 29.e4+ Kc6 30.Bd2 Be7 31.Be1 Bd8 32.Bd2 Bh4 33.h3 Bg3 34.Be3 
Kb5 35.Bd2 Bh2 36.Kc3 Bg1 37.Kd3 Bh2 38.h4 h5 39.gxh5 gxh5 40.f5 Bxe5 41.
fxe6 fxe6 42.a4+ Kc6 43.Kc4 b5+ 44.axb5+ axb5+ 45.Kd3 Bg3 46.Bg5 Kd6 47.
Ke3 Be5 48.Bh6 c4 49.bxc4 bxc4 50.Bf8+ Kc6 51.Be7 Kb5 52.Kd2 Bd4 53.Kc2 
Bf2 54.Kc3 Be1+ 55.Kd4 Bg3 56.Bg5 Kb4 57.Bd2+ Kb3 58.Bg5 c3 59.Kd3 c2 0-1

[Event "Elite Hotels Open 2015"]
[Site "Elite Stadshotellet, Vaxjo"]
[Date "2015.02.13"]
[Round "2.26"]
[White "Danielsson, Fredrik"]
[Black "Henriksson, Johan"]
[Result "1/2-1/2"]
[WhiteElo "1993"]
[BlackElo "2241"]

1.e4 c6 2.d4 d5 3.e5 Bf5 4.Nf3 e6 5.Be2 c5 6.Be3 Nd7 7.O-O Ne7 8.c4 dxc4 
9.Na3 Nd5 10.Bg5 Be7 11.Bxe7 Nxe7 12.Nxc4 O-O 13.Rc1 cxd4 14.Qxd4 Nc6 15.
Qd6 Ndxe5 16.Nfxe5 Qxd6 17.Nxd6 Nxe5 18.Nxf5 exf5 19.Rc7 Rab8 20.f4 Nc6 
21.Rd1 Rfc8 22.Rdd7 Rxc7 23.Rxc7 Nd4 24.Bc4 Ne6 25.Bxe6 fxe6 26.Kf2 Kf8 
27.Ke3 a6 28.h4 b6 29.h5 h6 30.Kd4 Rd8+ 31.Ke5 Rd2 32.Kxe6 Re2+ 33.Kxf5 
Rxg2 34.Ra7 a5 35.Ra8+ Kf7 36.Ra7+ Kg8 37.Ra8+ Kh7 38.Rb8 Rxb2 39.a4 Rb4 
40.Rb7 Rxa4 41.Rxb6 Rb4 42.Ra6 Rb5+ 43.Kg4 Rd5 44.Ra7 Kg8 45.Ra8+ Kf7 46.
Ra7+ Kf6 47.Ra6+ Ke7 48.Ra7+ Kf8 49.Ra8+ Kf7 50.Ra7+ Kg8 51.Ra8+ Kh7 52.
Ra7 Rb5 1/2-1/2

[Event "Elite Hotels Open 2015"]
[Site "Elite Stadshotellet, Vaxjo"]
[Date "2015.02.13"]
[Round "2.27"]
[White "Lind, Jan-Olov"]
[Black "Eidenert, Carl"]
[Result "1-0"]
[WhiteElo "2238"]
[BlackElo "1990"]

1.e4 c6 2.d3 d5 3.Nd2 g6 4.Ngf3 Bg4 5.h3 Bxf3 6.Qxf3 Bg7 7.g3 e6 8.Bg2 Ne7
9.O-O O-O 10.Qe2 c5 11.c3 Nbc6 12.Nf3 Qd7 13.e5 h6 14.h4 d4 15.c4 Kh7 16.
Bh3 a6 17.Bf4 Rfc8 18.Rfe1 b5 19.b3 Rab8 20.Nh2 bxc4 21.bxc4 Rb7 22.Ng4 
Ng8 23.Bg2 Rcb8 24.h5 Rb2 25.Qe4 Nce7 26.hxg6+ Nxg6 27.Bc1 Rb1 28.Ba3 Rxa1
29.Rxa1 Qc7 30.Re1 Qa5 31.Bc1 Rb1 32.Bd2 Rxe1+ 33.Bxe1 Qxa2 34.Qb7 Qa4 35.
Qxf7 Nf8 36.Nf6+ Nxf6 37.exf6 Qd7 38.Be4+ 1-0

[Event "Elite Hotels Open 2015"]
[Site "Elite Stadshotellet, Vaxjo"]
[Date "2015.02.13"]
[Round "2.28"]
[White "Tomaz, Tainan Pantano"]
[Black "Lekander, Rolf"]
[Result "1/2-1/2"]
[WhiteElo "1984"]
[BlackElo "2231"]

1.c4 Nf6 2.Nc3 c5 3.Nf3 Nc6 4.d4 cxd4 5.Nxd4 g6 6.e4 d6 7.Be2 Bg7 8.Nc2 
O-O 9.Be3 b6 10.O-O Bb7 11.Qd2 Re8 12.Rac1 Rc8 13.f3 Nd7 14.Rfd1 Qc7 15.
Nd5 Qb8 16.b3 Nc5 17.Kh1 Ne6 18.Bf1 Nc5 19.Rb1 Ne6 20.Rdc1 Ne5 21.a4 Nc5 
22.a5 bxa5 23.Qxa5 Bxd5 24.exd5 Qc7 25.Qd2 Rb8 26.Nd4 Rb7 27.Be2 Ned7 28.
b4 Na4 29.Nb5 Qb8 30.Qa2 Nab6 31.c5 Nxd5 32.Qxd5 Rxb5 33.Bxb5 Qxb5 34.Rd1 
Nf6 35.Qa2 a6 36.Bd4 e5 37.Ba1 dxc5 38.bxc5 Qxc5 39.Rb7 Rf8 40.Qxa6 Nh5 
41.Qd6 Qf2 42.Rb2 Qh4 43.Kg1 Nf4 44.Rbd2 Qg5 45.Kh1 Ne6 46.Qc6 h5 47.Qe4 
Nf4 48.Bb2 h4 49.Bc1 h3 50.g3 Ne6 51.Rd5 Qf6 52.Bb2 Ng5 53.Qg4 Qxf3+ 54.
Qxf3 Nxf3 55.Rf1 e4 1/2-1/2

[Event "Elite Hotels Open 2015"]
[Site "Elite Stadshotellet, Vaxjo"]
[Date "2015.02.13"]
[Round "2.29"]
[White "Olofsson-Dolk, Mattis"]
[Black "Thornblad, Erik"]
[Result "1-0"]
[WhiteElo "2228"]
[BlackElo "1970"]

1.e4 d6 2.d4 Nf6 3.Nc3 g6 4.f4 Bg7 5.Nf3 c5 6.Bb5+ Bd7 7.Bxd7+ Nfxd7 8.d5 
b5 9.Nxb5 Qa5+ 10.Nc3 Bxc3+ 11.bxc3 Qxc3+ 12.Bd2 Qc4 13.Qe2 Nb6 14.a4 N8d7
15.a5 Qxe2+ 16.Kxe2 Nc8 17.Rhb1 Nf6 18.Bc3 O-O 19.Bxf6 exf6 20.Nd2 Re8 21.
Kf3 f5 22.Rb7 Ne7 23.c4 fxe4+ 24.Nxe4 Nf5 25.Nf6+ Kf8 26.Nxe8 Kxe8 27.Rab1
Nd4+ 28.Kf2 1-0

[Event "Elite Hotels Open 2015"]
[Site "Elite Stadshotellet, Vaxjo"]
[Date "2015.02.13"]
[Round "2.30"]
[White "Larsson, Per-Olov"]
[Black "Lindh, Fredrik"]
[Result "1/2-1/2"]
[WhiteElo "1969"]
[BlackElo "2219"]

1.e4 c5 2.c3 d6 3.d4 Nf6 4.Bd3 Nc6 5.Ne2 g6 6.f3 Bg7 7.Be3 O-O 8.dxc5 d5 
9.Qc2 Ne5 10.Nd2 dxe4 11.Bxe4 Nxe4 12.Nxe4 Nd3+ 13.Kf1 f5 14.Nf2 Nxf2 15.
Kxf2 e5 16.Rad1 Qe7 17.f4 Be6 18.b3 g5 19.fxe5 f4 20.Bd4 f3 21.gxf3 Bd5 
22.Rhf1 Bxf3 23.Kg1 Qe6 24.Rf2 Qg4+ 25.Kf1 Be4 26.Qd2 Rxf2+ 27.Bxf2 Bxe5 
28.Qd7 Qxd7 29.Rxd7 Bc6 30.Rd3 Bxh2 31.Bg3 Bxg3 32.Nxg3 Re8 33.Kf2 Re5 34.
b4 Kf7 35.Ne2 Rxe2+ 36.Kxe2 Bb5 37.Ke3 Bxd3 38.Kxd3 Ke6 39.Ke4 h5 40.c4 h4
41.a4 h3 42.Kf3 a6 43.b5 a5 44.Kg3 g4 45.Kh2 Kd7 46.Kg3 Ke6 47.Kh2 1/2-1/2